| 000 | 00350nam a22001217a 4500 | ||
|---|---|---|---|
| 020 | _a0905492048 | ||
| 082 | _a338.0941 ART | ||
| 100 | _aArthur, DLittle | ||
| 245 | _aNew technology based firms in the united kingdom and the federal republic of Germanyc | ||
| 260 |
_aEngland _bWilton House _c1977 |
||
| 300 |
_aix, 323p. _bill, 26cm. |
||
| 942 | _cBK | ||
| 999 |
_c14045 _d14045 |
||